Movies Quiz

Random Movies or Clickable Quiz
Score 0/50 Timer 07:00
2 Plays Today
% Correct
Again
94.3%
Dare
93.5%
Star
93%
Tomb
91.5%
Hotel
91.2%
Hood
90.7%
Eight
90.5%
Time
90.4%
Returns
90.1%
Internet
90%
Pacific
88.6%
Robin
88.4%
Infinity
87.7%
Wasp
87.6%
Panther
87.3%
Ready
86.1%
Solo
84.4%
Quiet
84.3%
Asians
84%
Rhapsody
82.2%
Rabbit
82.1%
Spy
79.5%
Strikes
78.7%
Freed
77.4%
Death
76.7%
% Correct
Crimes
75.1%
Fallen
74.7%
Fallout
72%
Den
71.9%
Pretty
71.9%
Love
69.2%
Uncle
68%
Paris
68%
Sparrow
67.9%
Clock
67.8%
Dogs
66.9%
Halloween
65.6%
Proud
65.3%
Sherlock
64.4%
Movies
64.1%
Night
62.5%
Game
55.9%
Cure
54.8%
Last
53.5%
Soldado
51.7%
Man
49.5%
Sun
49%
Boy
45%
Monster
41%
Strong
38.6%
Remove Ads.
Support Sporcle.
Get the best of Sporcle when you Go Orange. This ad-free experience offers more features, more stats, and more fun while also helping to support Sporcle. Thank you for becoming a member.

You're not logged in!

Compare scores with friends on all Sporcle quizzes.
OR
Log In

Show Comments

Extras

Top Quizzes Today


Score Distribution

Your Account Isn't Verified!

In order to create a playlist on Sporcle, you need to verify the email address you used during registration. Go to your Sporcle Settings to finish the process.

Report this User

Report this user for behavior that violates our Community Guidelines.

Details: